00332nam a2200121Ia 4500008004100000041000800041082001400049100002200063245004300085260002800128300001800156520003600174240719s9999 xx 000 0 und d aeng a658.5 PAD aPadi, Sidhartha S aOperations And Supply Chain Management aNew DelhibSYBGENc2022 a458 P.; 28 CM aGifted By : Prof. Sarbjit Singh